00295nam a22001217a 4500008004100000020001800041100001700059245003100076250001300107260003300120300000800153546001200161230523b |||||||| |||| 00| 0 eng d a9789391211844 aP. M. Bakshi aThe Constitution of India  a18th Ed. aHaryanabUniversal Pubc2023 a587 aEnglish